000 00325nam a2200121 i 4500
001 bg
245 0 0 _aRozwój maszyn i urządzeń chłodniczych w badaniach teoretycznych i eksperymentalnych.
_nT.1.
260 _aKraków,
_c1991.
040 _cBPK
041 _apol
942 _cKS
008 s pl f |000 0 pol
999 _c29392
_d29392
856 _uhttp://koha.tu.koszalin.pl/cgi-bin/koha/opac-detail.pl?biblionumber=29392
_yKatalog online BPK